| 000 | 00437nam a22001817a 4500 | ||
|---|---|---|---|
| 003 | OSt | ||
| 008 | 210520b ||||| |||| 00| 0 eng d | ||
| 020 | _a9789385923869 | ||
| 082 |
_a515 _bMAM |
||
| 100 | _aMALIK, S C | ||
| 245 | _aMathematical Analysis | ||
| 250 | _a7th | ||
| 260 |
_aNew Delhi: _bNew Age international Publishers, _c2024. |
||
| 300 | _axiv, 874 | ||
| 650 | _aBCA CTIS | ||
| 700 | _aARORA, Savita | ||
| 942 |
_2ddc _cBK |
||
| 999 |
_c12992 _d12992 |
||